000 00557nam a2200181Ia 4500
005 20250923144653.0
008 008 250917s9999 xx 000 0 eng d
037 _aTextual
040 _aDSWL
_beng
_cDSWL
041 _aeng
_2eng
084 _aY9(L:421):4.251'N58t4, N59
_qDSWL
100 _aDevgan, A.K.
_9827208
245 4 _aThe mahadev bolis
_cby A.K. Devgan
260 _aDelhi
_b Delhi School of Social Work
_c1959
300 _a113p.
942 _cTEXL
_hY9(L:421):4.251'N58t4, N59
999 _c1441853
_d1441853